[Event "VI Open Basso Veronese"]
[Site "Casaleone ITA"]
[Date "2013.05.18"]
[Round "2"]
[White "Bertani, Gianfranco"]
[Black "De Paoli, Emilio"]
[WhiteElo "2067"]
[BlackElo "1849"]
[Result "1-0"]
[PlyCount "55"]
[EventDate "2013.05.17"]

1. d4 e6 2. e3 Nf6 3. Bd3 b6 4. f4 Bb7 5. Nf3 c5 6. O-O d5 7. c3 Nc6 8. Qe2 Be7
9. Nbd2 Qc7 10. Ne5 Nxe5 11. fxe5 Nd7 12. Qg4 g6 13. e4 h5 14. Qf3 Rf8 15. Qh3
O-O-O 16. exd5 Bxd5 17. Ne4 Kb8 18. Bh6 Rh8 19. Rxf7 Rde8 20. Bg7 Qd8 21. Bxh8
Rxh8 22. c4 Bxe4 23. Bxe4 Nxe5 24. dxe5 Qd4+ 25. Kh1 Qxb2 26. Raf1 Qxe5 27.
Rxe7 Qxe4 28. Qf3 1-0

[Event "VI Open Basso Veronese"]
[Site "Casaleone ITA"]
[Date "2013.05.18"]
[Round "2"]
[White "Bonini, Roberto"]
[Black "Fongarolli, Diego"]
[WhiteElo "1866"]
[BlackElo "2073"]
[Result "0-1"]
[PlyCount "32"]
[EventDate "2013.05.17"]

1. e4 c5 2. Nf3 d6 3. d4 cxd4 4. Nxd4 Nf6 5. Nc3 a6 6. Be2 e5 7. Nb3 Be7 8. O-O
O-O 9. f4 Nbd7 10. Be3 b5 11. Bf3 Bb7 12. a3 Rc8 13. Kh1 Qc7 14. f5 Rfd8 15.
Qe1 Nc5 16. Qf2 Rd7 0-1

[Event "VI Open Basso Veronese"]
[Site "Casaleone ITA"]
[Date "2013.05.18"]
[Round "2"]
[White "Fiscato, Claudio"]
[Black "Brunelli, Giovanni"]
[WhiteElo "1793"]
[BlackElo "1968"]
[Result "0-1"]
[PlyCount "55"]
[EventDate "2013.05.17"]

1. d4 f5 2. Nf3 Nf6 3. g3 g6 4. Bg2 Bg7 5. c4 O-O 6. O-O d6 7. Nc3 Qe8 8. e3 e5
9. Qb3 Kh8 10. Bd2 e4 11. Ne1 Nc6 12. Qc2 g5 13. Nd5 Qf7 14. Nxf6 Bxf6 15. b4
Ne7 16. Rc1 c6 17. f3 exf3 18. Bxf3 f4 19. exf4 Bxd4+ 20. Kh1 g4 21. Bg2 Nf5
22. Qd3 Be6 23. a3 d5 24. Bc3 Bxc3 25. Qxc3+ d4 26. Qd3 Rad8 27. Rf2 Ne3 28.
Qxd4+ 0-1

[Event "VI Open Basso Veronese"]
[Site "Casaleone ITA"]
[Date "2013.05.18"]
[Round "2"]
[White "Molinaroli, Giacomo"]
[Black "Lovato, Mauro"]
[WhiteElo "1897"]
[BlackElo "1452"]
[Result "1-0"]
[PlyCount "68"]
[EventDate "2013.05.17"]

1. e4 e5 2. Nf3 Nc6 3. Bc4 Bc5 4. b4 Bxb4 5. c3 Ba5 6. d4 exd4 7. O-O Nge7 8.
cxd4 d5 9. exd5 Nxd5 10. Qb3 Be6 11. Qxb7 Nde7 12. Bb5 Bd7 13. Qa6 O-O 14. Bxc6
Nxc6 15. d5 Nb4 16. Qxa5 Nc2 17. Bb2 Nxa1 18. Bxa1 c5 19. Qc3 f6 20. Nbd2 Bb5
21. Rb1 a6 22. Qxc5 Rc8 23. Qd4 Rf7 24. a4 Be8 25. Ne4 Rfc7 26. h3 Bg6 27. Nfd2
Rc1+ 28. Rxc1 Rxc1+ 29. Kh2 Bxe4 30. Nxe4 Qc7+ 31. d6 Qb7 32. d7 Qc7+ 33. Qd6
Qxd6+ 34. Nxd6 Rd1 1-0

[Event "VI Open Basso Veronese"]
[Site "Casaleone ITA"]
[Date "2013.05.18"]
[Round "2"]
[White "Negro, Raffaele"]
[Black "Faccia, Sergio"]
[WhiteElo "1838"]
[BlackElo "2032"]
[Result "0-1"]
[PlyCount "152"]
[EventDate "2013.05.17"]

1. d4 Nf6 2. Nf3 c5 3. c3 cxd4 4. cxd4 d5 5. Nc3 g6 6. Bf4 Bg7 7. e3 O-O 8. Bd3
Bg4 9. h3 Bxf3 10. Qxf3 Nc6 11. O-O e6 12. Rac1 Rc8 13. a3 Na5 14. Nb5 Nb3 15.
Rxc8 Qxc8 16. Qd1 Na5 17. Nxa7 Qa8 18. Nb5 Nc4 19. Qe2 Qa4 20. Nd6 b5 21. Nxc4
bxc4 22. Bc2 Qa5 23. Bd6 Ra8 24. Bb4 Qb6 25. b3 cxb3 26. Bxb3 Bf8 27. Bxf8 Kxf8
28. Qa2 Ne4 29. Rc1 Qa5 30. a4 Qb4 31. Bd1 Qe1+ 32. Kh2 Nxf2 33. Qa3+ Kg7 34.
Bf3 Qa5 35. Rf1 Ne4 36. Bxe4 Qc7+ 37. Kg1 dxe4 38. Rc1 Qa5 39. Qc5 Qd2 40. Qc3
Qxc3 41. Rxc3 Rxa4 42. Kf2 Ra2+ 43. Kg3 Re2 44. Kh2 h5 45. Kg1 Kf6 46. Kf1 Rd2
47. Rc5 Ke7 48. Rc7+ Ke8 49. h4 Rb2 50. Rc5 Kd7 51. Ra5 Rc2 52. Ra7+ Rc7 53.
Ra5 f6 54. Kf2 Ke7 55. Rb5 Kd6 56. Kf1 Rc3 57. Kf2 Rc2+ 58. Kf1 f5 59. g3 Rd2
60. Rb7 Kd5 61. Rg7 Kc4 62. Rxg6 Kd3 63. Rxe6 Kxe3 64. Rf6 Rf2+ 65. Kg1 Rf3 66.
d5 Rxg3+ 67. Kf1 f4 68. Rf8 Kf3 69. d6 e3 70. Re8 Rh3 71. Kg1 Rg3+ 72. Kf1 Rg7
73. Re7 Rg8 74. d7 Ra8 75. Kg1 Ra1+ 76. Kh2 Rd1 0-1

[Event "VI Open Basso Veronese"]
[Site "Casaleone ITA"]
[Date "2013.05.18"]
[Round "2"]
[White "Paler, Adrian"]
[Black "Belloni, Umberto"]
[WhiteElo "1974"]
[BlackElo "1814"]
[Result "1-0"]
[PlyCount "133"]
[EventDate "2013.05.17"]

1. e4 e6 2. d4 d5 3. Nd2 dxe4 4. Nxe4 Nf6 5. Nxf6+ gxf6 6. Nf3 c5 7. c3 Nc6 8.
Bd3 cxd4 9. cxd4 Nb4 10. Be4 f5 11. Bb1 Bd6 12. Bg5 f6 13. Bh4 Nd5 14. O-O O-O
15. Re1 Kh8 16. g3 Ne7 17. a3 Nd5 18. Ba2 Be7 19. Rc1 Qd6 20. Nd2 b5 21. Qe2
Qd7 22. Nb3 a6 23. Nc5 Bxc5 24. dxc5 Qc6 25. Qf3 Bb7 26. Rcd1 Rad8 27. Bxd5
Rxd5 28. Rxd5 Qxd5 29. Qxd5 Bxd5 30. h3 Kg7 31. g4 fxg4 32. hxg4 Kf7 33. Kh2
Rc8 34. b4 Ra8 35. Rd1 a5 36. f4 axb4 37. axb4 Ra2+ 38. Kh3 Ra3+ 39. Bg3 Rb3
40. Rd4 Rc3 41. f5 Rc1 42. Bh2 Rc2 43. Bg3 Rc3 44. Kh4 Rc1 45. Bf2 Rh1+ 46. Kg3
h5 47. gxh5 Rxh5 48. fxe6+ Kxe6 49. Be3 Rf5 50. Bf4 Rh5 51. c6 Rh8 52. c7 Rg8+
53. Kf2 Ra8 54. Ke3 Ra3+ 55. Kd2 Ra2+ 56. Kc3 Ra3+ 57. Kb2 Ra2+ 58. Kb1 Ra8 59.
Rd2 Be4+ 60. Kb2 Bd5 61. Kc3 Rh8 62. Kd4 Bb7 63. Kc5 Rh5+ 64. Kb6 Bc8 65. Rd8
Bd7 66. Kb7 Rh4 67. Rxd7 1-0

[Event "VI Open Basso Veronese"]
[Site "Casaleone ITA"]
[Date "2013.05.18"]
[Round "2"]
[White "Pisani, Valerio"]
[Black "Mulone, Gaspare"]
[WhiteElo "1721"]
[BlackElo "1566"]
[Result "1-0"]
[PlyCount "71"]
[EventDate "2013.05.17"]

1. Nc3 e5 2. e4 d6 3. Bc4 Nf6 4. Nf3 Be7 5. d3 O-O 6. h3 a6 7. a4 c6 8. O-O
Nbd7 9. Be3 Nb6 10. Bb3 Bd7 11. a5 Nc8 12. d4 Qc7 13. Qd3 b5 14. axb6 Nxb6 15.
dxe5 dxe5 16. Rxa6 Rxa6 17. Qxa6 Nc8 18. Ra1 Bd6 19. Qd3 c5 20. Rd1 Be7 21. Nd5
Nxd5 22. Qxd5 Bc6 23. Qxe5 Qxe5 24. Nxe5 Bxe4 25. Rd7 Bf5 26. Rc7 Bd6 27. Rxf7
Rxf7 28. Nxf7 Bxc2 29. Nxd6+ Bxb3 30. Nxc8 c4 31. Nd6 g6 32. Ne4 Kg7 33. Nd2
Kf6 34. Kf1 Ke5 35. Ke2 Kf5 36. Nxb3 1-0

[Event "VI Open Basso Veronese"]
[Site "Casaleone ITA"]
[Date "2013.05.18"]
[Round "2"]
[White "Solinas, Roberto"]
[Black "Pieropan, Giorgio"]
[WhiteElo "1706"]
[BlackElo "1913"]
[Result "1/2-1/2"]
[PlyCount "211"]
[EventDate "2013.05.17"]

1. e4 g6 2. d4 Bg7 3. Nc3 d6 4. Bg5 c6 5. Qd2 b5 6. Nf3 Nf6 7. Bd3 Bg4 8. h3
Bxf3 9. gxf3 O-O 10. O-O-O Nbd7 11. Ne2 Nh5 12. c3 a5 13. Ng3 Nxg3 14. fxg3 b4
15. Kc2 Rb8 16. Bh6 Bxh6 17. Qxh6 e6 18. h4 Qf6 19. f4 bxc3 20. bxc3 e5 21. Qg5
exf4 22. Qxf6 Nxf6 23. gxf4 Rb6 24. Rb1 Rfb8 25. Rxb6 Rxb6 26. Rb1 Rxb1 27.
Kxb1 Nh5 28. e5 Nxf4 29. exd6 Ne6 30. Be4 Nd8 31. c4 f5 32. Bf3 Kf7 33. Kb2 Ke6
34. c5 Kd7 35. Kc3 h6 36. Kc4 g5 37. hxg5 hxg5 38. d5 g4 39. dxc6+ Nxc6 40. Bd5
Nb4 41. Bb7 f4 42. a4 f3 43. Be4 Ke6 44. Kb5 f2 45. Bg2 Nd5 46. Kc6 Ne3 47. Bf1
Nxf1 48. d7 Ng3 49. d8=Q f1=Q 50. Qd6+ Kf5 51. Qxg3 Qf3+ 52. Qxf3+ gxf3 53. Kb7
f2 54. c6 f1=Q 55. c7 Qf3+ 56. Kb8 Qb3+ 57. Ka7 Qc4 58. Kb8 Qb4+ 59. Ka7 Qe7
60. Kb8 Qd6 61. Kb7 Qd7 62. Kb8 Qd6 63. Kb7 Qd7 64. Kb8 Qxa4 65. c8=Q+ Kf4 66.
Qc1+ Kg4 67. Qg1+ Kh4 68. Qh2+ Kg5 69. Qe5+ Kg4 70. Qg7+ Kf5 71. Qf7+ Ke4 72.
Qg6+ Ke3 73. Qg3+ Kd2 74. Qf2+ Kc1 75. Qc5+ Kb1 76. Qg1+ Ka2 77. Qf2+ Ka3 78.
Ka8 Qc6+ 79. Ka7 Qc3 80. Qf8+ Ka2 81. Qf2+ Kb3 82. Qf7+ Kb4 83. Qb7+ Ka4 84.
Qd7+ Kb4 85. Qb7+ Kc4 86. Qa6+ Kd4 87. Qd6+ Ke3 88. Qg3+ Kd2 89. Qf2+ Kc1 90.
Qf1+ Kb2 91. Qe2+ Ka3 92. Qe7+ Kb3 93. Qe6+ Qc4 94. Qe3+ Kb4 95. Qb6+ Ka4 96.
Ka8 Qd5+ 97. Ka7 Ka3 98. Qe3+ Kb4 99. Qe1+ Kb5 100. Qb1+ Kc6 101. Qb7+ Kd6 102.
Qb8+ Ke6 103. Qg8+ Ke5 104. Qg7+ Ke4 105. Qg2+ Kd4 106. Qd2+ 1/2-1/2

[Event "VI Open Basso Veronese"]
[Site "Casaleone ITA"]
[Date "2013.05.18"]
[Round "2"]
[White "Sprea, Giuseppe"]
[Black "Magnabosco, Mauro Denis"]
[WhiteElo "1940"]
[BlackElo "1782"]
[Result "1/2-1/2"]
[PlyCount "62"]
[EventDate "2013.05.17"]

1. d4 Nf6 2. c4 e6 3. Nf3 b6 4. g3 Bb7 5. Bg2 Be7 6. Nc3 O-O 7. d5 exd5 8. Nh4
c6 9. Nf5 dxc4 10. e4 d5 11. e5 Ne4 12. Qg4 g6 13. Nxe4 dxe4 14. O-O Bc8 15.
Nxe7+ Qxe7 16. Qxe4 Be6 17. Bh6 Bd5 18. Bxf8 Qxf8 19. Qh4 Na6 20. Rfd1 Nb4 21.
Bf1 b5 22. a3 Nd3 23. Bxd3 cxd3 24. Rxd3 a5 25. Rc1 Re8 26. Qf4 a4 27. h4 Re6
28. Re3 f6 29. Qb4 Qf7 30. Qf4 Qf8 31. Rce1 f5 1/2-1/2

[Event "VI Open Basso Veronese"]
[Site "Casaleone ITA"]
[Date "2013.05.18"]
[Round "2"]
[White "Xia, Jie"]
[Black "Zanchetta, Nicola"]
[WhiteElo "2275"]
[BlackElo "1894"]
[Result "1-0"]
[PlyCount "103"]
[EventDate "2013.05.17"]

1. e4 c5 2. Nf3 e6 3. c3 Nc6 4. d4 cxd4 5. cxd4 d5 6. e5 Qb6 7. Bd3 Bd7 8. O-O
Nxd4 9. Nbd2 Nc6 10. Nb3 Nge7 11. Be3 Qc7 12. Rc1 Ng6 13. Re1 Bb4 14. Bd2 Bxd2
15. Qxd2 Rc8 16. h4 Qb8 17. Qg5 O-O 18. h5 h6 19. Qg3 Nge7 20. Bb1 f5 21. Qf4
Be8 22. Nc5 Kf7 23. g4 b6 24. Nb3 Kg8 25. Nfd4 Nxd4 26. Rxc8 Nf3+ 27. Qxf3 Qxc8
28. Nd4 Nc6 29. Nxc6 Bxc6 30. gxf5 exf5 31. Qf4 Qe6 32. Bd3 g5 33. hxg6 Qxg6+
34. Kf1 Qh5 35. Rc1 Ba8 36. f3 Kh8 37. Kf2 d4 38. e6 Bxf3 39. Qxf3 Qh2+ 40. Ke1
Qxb2 41. Rc2 Qb1+ 42. Ke2 Qg1 43. Qf4 Qg2+ 44. Kd1 Qg5 45. Qxg5 hxg5 46. Rc7 g4
47. e7 Re8 48. Bb5 Rxe7 49. Rxe7 g3 50. Ke2 f4 51. Kf3 Kg8 52. Rxa7 1-0

[Event "VI Open Basso Veronese"]
[Site "Casaleone ITA"]
[Date "2013.05.18"]
[Round "2"]
[White "Zanini, Andrea"]
[Black "Mancin, Michele"]
[WhiteElo "1669"]
[BlackElo "1762"]
[Result "0-1"]
[PlyCount "158"]
[EventDate "2013.05.17"]

1. b3 d5 2. Bb2 Nc6 3. e3 Nf6 4. Bb5 a6 5. Be2 Bf5 6. Nf3 h6 7. d3 e6 8. Nbd2
b5 9. Ne5 Nxe5 10. Bxe5 Nd7 11. Bb2 e5 12. e4 Be6 13. exd5 Bxd5 14. Bf3 Bxf3
15. Qxf3 Bd6 16. Qe4 O-O 17. Nf3 Nf6 18. Qc6 Re8 19. O-O Re6 20. Qc3 Nd5 21.
Qd2 Qe7 22. a3 c5 23. c4 bxc4 24. bxc4 Nf6 25. Nh4 Qc7 26. Nf5 Bf8 27. f3 Nh5
28. g3 Rb8 29. Rab1 Reb6 30. Ne3 Nf6 31. Rfe1 Bd6 32. Nf5 Nd7 33. Ne3 Qb7 34.
Re2 Nf6 35. Rf2 Rd8 36. Nf5 Bf8 37. Rff1 Qd7 38. g4 Qxd3 39. Qxd3 Rxd3 40. Bxe5
Rbb3 41. Rxb3 Rxb3 42. Rd1 Rxf3 43. Kg2 Rxa3 44. Rd8 Ra2+ 45. Kg1 Nxg4 46. Bxg7
Kh7 47. Rxf8 Kg6 48. Rc8 Kxf5 49. Rxc5+ Kg6 50. Bd4 {illegal move 50...Ne2}
50... Nf6 51. -- Ne4 52. -- Nc3 53. -- Ne2+ 54. Kf1 Nxd4 55. Rd5 Ne6 56. Kg1
Rc2 57. Ra5 Rxc4 58. Rxa6 Rc5 59. Ra2 h5 60. Rg2+ Rg5 61. h4 Rxg2+ 62. Kxg2 Kf5
63. Kf3 Nd4+ 64. Kg3 Ke4 65. Kh3 f5 66. Kg2 Ke3 67. Kf1 Kf3 68. Kg1 Kg4 69. Kg2
Kxh4 70. Kh2 Kg4 71. Kg2 f4 72. Kf2 h4 73. Kg2 f3+ 74. Kh2 Kf4 75. Kg1 Ke3 76.
Kf1 Nf5 77. Kg1 Ke2 78. Kh1 f2 79. Kh2 Ke1 0-1

[Event "VI Open Basso Veronese"]
[Site "Casaleone ITA"]
[Date "2013.05.18"]
[Round "2"]
[White "Zonta, Riccardo"]
[Black "Brunelli, Flavio"]
[WhiteElo "1635"]
[BlackElo "1755"]
[Result "0-1"]
[PlyCount "96"]
[EventDate "2013.05.17"]

1. e4 e6 2. d4 d5 3. exd5 exd5 4. Bd3 Nf6 5. Ne2 Bg4 6. h3 Be6 7. Be3 c6 8. Nd2
Qb6 9. Rb1 Bd6 10. c3 Qc7 11. Qb3 Nbd7 12. Kd1 a5 13. a4 O-O 14. Kc2 b5 15. Ra1
b4 16. c4 dxc4 17. Nxc4 Nb6 18. Qa2 c5 19. b3 Rab8 20. Nxd6 cxd4+ 21. Nc4 Nxc4
22. Bf4 Nd6+ 23. Kd2 Qb6 24. Rhc1 Rbd8 25. Ke1 Rfe8 26. Kf1 Nde4 27. Bc7 Qa7
28. Bxd8 Bxb3 29. Qb2 Rxd8 30. Kg1 Be6 31. Rc2 Nc3 32. Qc1 Bd7 33. Nxc3 dxc3
34. Qe1 Bxa4 35. Bxh7+ Kxh7 36. Rxa4 Rd5 37. Qa1 Qc7 38. Qb1 Kg8 39. Ra1 Rb5
40. Qf1 Qc6 41. Qd3 Nd5 42. Rac1 g6 43. Qg3 Rc5 44. h4 Qc7 45. Qxc7 Rxc7 46.
Rd1 b3 47. Re2 c2 48. Rc1 b2 0-1

[Event "VI Open Basso Veronese"]
[Site "Casaleone ITA"]
[Date "2013.05.18"]
[Round "3"]
[White "Belloni, Umberto"]
[Black "Zanini, Andrea"]
[WhiteElo "1814"]
[BlackElo "1669"]
[Result "1/2-1/2"]
[PlyCount "134"]
[EventDate "2013.05.17"]

1. d4 b6 2. Bg5 Bb7 3. c3 h6 4. Bh4 d6 5. e3 g5 6. Bg3 Nf6 7. Nd2 e6 8. h4 Ne4
9. Nxe4 Bxe4 10. hxg5 Qxg5 11. Nf3 Qg6 12. Be2 Be7 13. Qd2 c5 14. O-O-O cxd4
15. exd4 Nd7 16. Nh4 Qh7 17. f3 Bb1 18. Bd3 Bxd3 19. Qxd3 Qg7 20. Bf2 d5 21. g3
a5 22. Ng2 a4 23. Nf4 a3 24. b3 Bd6 25. Qe3 Rc8 26. Kd2 Nf6 27. Rc1 Qf8 28. Nh5
Nxh5 29. Rxh5 Qg7 30. f4 Qg6 31. Rxd5 Be7 32. Rb5 O-O 33. Rxb6 Rfd8 34. Qd3 Qg4
35. Rb5 Bc5 36. Rh1 Qg7 37. Qe4 Bf8 38. Re5 Rc7 39. Rhh5 Rdc8 40. c4 Bb4+ 41.
Kd3 Bd6 42. Reg5 hxg5 43. Rxg5 Qxg5 44. fxg5 Bf8 45. g6 Bg7 46. gxf7+ Kxf7 47.
Qf3+ Ke7 48. Qg4 Bf6 49. Qh5 Rh8 50. Qa5 Rd7 51. Ke4 Rh2 52. Qxa3+ Kf7 53. Qa4
Ke7 54. Qb4+ Kf7 55. Kf3 Bxd4 56. Bxd4 Rxd4 57. Ke3 e5 58. a4 Rh8 59. Qb7+ Kf6
60. Qc6+ Kf5 61. a5 Rhd8 62. Qf3+ Kg5 63. Qe2 e4 64. c5 Rd3+ 65. Kxe4 R8d4+ 66.
Ke5 Rd5+ 67. Ke4 R5d4+ 1/2-1/2

[Event "VI Open Basso Veronese"]
[Site "Casaleone ITA"]
[Date "2013.05.18"]
[Round "3"]
[White "Beltrame, Leonardo"]
[Black "Zonta, Riccardo"]
[WhiteElo "1577"]
[BlackElo "1635"]
[Result "1-0"]
[PlyCount "85"]
[EventDate "2013.05.17"]

1. e4 d5 2. exd5 Qxd5 3. Nc3 Qe5+ 4. Qe2 Qxe2+ 5. Ngxe2 Bf5 6. d3 Nc6 7. Be3
O-O-O 8. O-O-O e6 9. g3 Bd6 10. Bg2 Nge7 11. a3 a6 12. Rhe1 h6 13. Ne4 Bxe4 14.
dxe4 g5 15. f4 f6 16. Bh3 Kb8 17. Bxe6 Ng6 18. Bd5 Nge7 19. c4 Nxd5 20. exd5
Na5 21. Bd4 Nb3+ 22. Kc2 Nxd4+ 23. Rxd4 Rhe8 24. Rdd1 gxf4 25. Nxf4 Bxf4 26.
gxf4 f5 27. Re5 Rf8 28. Re6 Rd6 29. Rxd6 cxd6 30. Re1 Rg8 31. Re6 Rg2+ 32. Kc3
Rxh2 33. Rxd6 h5 34. Rf6 h4 35. d6 Kc8 36. Rxf5 h3 37. Rh5 Rh1 38. Kb4 h2 39.
f5 Kd7 40. c5 Kc6 41. f6 Rc1 42. Rxh2 Rxc5 43. Rf2 1-0

[Event "VI Open Basso Veronese"]
[Site "Casaleone ITA"]
[Date "2013.05.18"]
[Round "3"]
[White "Brunelli, Flavio"]
[Black "Bonini, Roberto"]
[WhiteElo "1755"]
[BlackElo "1866"]
[Result "0-1"]
[PlyCount "116"]
[EventDate "2013.05.17"]

1. e4 c6 2. d4 d5 3. exd5 cxd5 4. Nf3 Nf6 5. Bg5 Nbd7 6. Bb5 Qa5+ 7. Nc3 Ne4 8.
Bxd7+ Bxd7 9. O-O Nxc3 10. bxc3 Qxc3 11. Rb1 Qc7 12. Ne5 Bf5 13. Qf3 e6 14. Bf4
Bd6 15. Nxf7 Bxf4 16. Nxh8 O-O-O 17. Nf7 Bxh2+ 18. Kh1 Rf8 19. Ne5 Bxe5 20.
dxe5 Qxe5 21. Qa3 Rf6 22. Qc5+ Qc7 23. Qxc7+ Kxc7 24. Rfe1 b6 25. Rb3 Kd6 26.
Re2 d4 27. f3 Rf7 28. g4 Bg6 29. Kg2 Rc7 30. Rb2 Rc3 31. Kf2 h5 32. gxh5 Bxh5
33. Rb3 Rc5 34. Rd2 Ke5 35. f4+ Kxf4 36. Rxd4+ Ke5 37. Rd2 Bg6 38. Re3+ Kf6 39.
c3 Be8 40. Rd6 Bf7 41. Rd7 Rf5+ 42. Rf3 a5 43. Rxf5+ exf5 44. a3 Bc4 45. Rd6+
Ke5 46. Rxb6 Ke4 47. Rd6 Bb3 48. Rd4+ Ke5 49. Ke3 g6 50. c4 f4+ 51. Kd3 Bc2+
52. Kc3 Be4 53. Rd1 f3 54. Kd2 Kf4 55. Rf1 g5 56. Rh1 f2 57. Rh8 Bf3 58. Rf8+
Kg3 0-1

[Event "VI Open Basso Veronese"]
[Site "Casaleone ITA"]
[Date "2013.05.18"]
[Round "3"]
[White "Brunelli, Giovanni"]
[Black "Bertani, Gianfranco"]
[WhiteElo "1968"]
[BlackElo "2067"]
[Result "0-1"]
[PlyCount "100"]
[EventDate "2013.05.17"]

1. e4 c5 2. Nf3 Nc6 3. d4 cxd4 4. Nxd4 e5 5. Nb5 d6 6. N1c3 a6 7. Na3 Be7 8.
Nc4 b5 9. Ne3 Nf6 10. Ned5 Bb7 11. Be3 O-O 12. Be2 b4 13. Nxf6+ Bxf6 14. Nd5
Nd4 15. O-O Bxd5 16. exd5 Nf5 17. Qd3 Nxe3 18. fxe3 e4 19. Qxe4 Bxb2 20. Rab1
Bc3 21. Bd3 g6 22. Rf3 f5 23. Qf4 a5 24. Rbf1 Kg7 25. e4 Be5 26. Qd2 f4 27. Kh1
g5 28. g4 Rc8 29. Bb5 Rc5 30. Bc6 Rf6 31. Qg2 Rh6 32. a3 Rh4 33. axb4 axb4 34.
Rb1 Qa5 35. Rfb3 Qa2 36. c4 Qxg2+ 37. Kxg2 Rxc4 38. Rxb4 Rc2+ 39. Kg1 Rxg4+ 40.
Kf1 Rxh2 41. Rb8 Rh1+ 42. Ke2 Rg2+ 43. Kd3 Rxb1 44. Rxb1 Rg3+ 45. Ke2 Re3+ 46.
Kf2 g4 47. Rb7+ Kh6 48. Re7 Rxe4 49. Re6+ Kg5 50. Re7 Bd4+ 0-1

[Event "VI Open Basso Veronese"]
[Site "Casaleone ITA"]
[Date "2013.05.18"]
[Round "3"]
[White "De Paoli, Emilio"]
[Black "Adami, Antonio"]
[WhiteElo "1849"]
[BlackElo "1748"]
[Result "1/2-1/2"]
[PlyCount "29"]
[EventDate "2013.05.17"]

1. Nf3 f5 2. c4 Nf6 3. Nc3 g6 4. h4 Bg7 5. h5 Nxh5 6. Rxh5 gxh5 7. e4 O-O 8.
exf5 d6 9. Nh4 e6 10. Qxh5 exf5 11. Be2 Nc6 12. Nf3 Qe8 13. Qh4 Qe7 14. Qh5 Qe8
15. Qh4 1/2-1/2

[Event "VI Open Basso Veronese"]
[Site "Casaleone ITA"]
[Date "2013.05.19"]
[Round "3"]
[White "Faccia, Sergio"]
[Black "Xia, Jie"]
[WhiteElo "2032"]
[BlackElo "2275"]
[Result "1-0"]
[PlyCount "55"]
[EventDate "2013.05.17"]

1. e4 c6 2. d4 d5 3. exd5 Qxd5 4. Nc3 Qd8 5. Bc4 Nf6 6. a4 g6 7. Nge2 Bg7 8.
O-O O-O 9. Bg5 Nbd7 10. Qd2 e5 11. Rad1 Qb6 12. d5 Nc5 13. Ng3 Qb4 14. b3 cxd5
15. Bxf6 dxc4 16. Bxg7 Kxg7 17. Nh5+ Kg8 18. Qh6 gxh5 19. Qg5+ Kh8 20. Qxe5+
Kg8 21. Nd5 Ne4 22. Ne7+ Qxe7 23. Qxe7 Be6 24. f3 Rfe8 25. Qh4 Nc3 26. Rde1
cxb3 27. cxb3 Bxb3 28. Qb4 1-0

[Event "VI Open Basso Veronese"]
[Site "Casaleone ITA"]
[Date "2013.05.18"]
[Round "3"]
[White "Fongarolli, Diego"]
[Black "Paler, Adrian"]
[WhiteElo "2073"]
[BlackElo "1974"]
[Result "1-0"]
[PlyCount "55"]
[EventDate "2013.05.17"]

1. e4 c5 2. Nf3 d6 3. d4 cxd4 4. Nxd4 Nf6 5. Nc3 a6 6. Bg5 e6 7. f4 Be7 8. Qf3
Qc7 9. O-O-O Nbd7 10. g4 h6 11. Bxf6 Nxf6 12. h4 Bd7 13. g5 hxg5 14. hxg5 Rxh1
15. Qxh1 Ng8 16. Qh7 Kf8 17. Bh3 Qc4 18. Rd3 Rc8 19. g6 Bf6 20. gxf7 Kxf7 21.
e5 dxe5 22. fxe5 Bg5+ 23. Kb1 Bh6 24. Ne4 Ke7 25. Nd6 Qc5 26. Nxc8+ Qxc8 27.
Qg6 Qc5 28. Bxe6 1-0

[Event "VI Open Basso Veronese"]
[Site "Casaleone ITA"]
[Date "2013.05.18"]
[Round "3"]
[White "Kurylovich, Alena"]
[Black "Mulone, Gaspare"]
[WhiteElo "1629"]
[BlackElo "1566"]
[Result "1-0"]
[PlyCount "103"]
[EventDate "2013.05.17"]

1. d4 d5 2. c4 e6 3. Nc3 Nf6 4. Nf3 c6 5. Bf4 dxc4 6. e4 b5 7. e5 Nd5 8. Nxd5
cxd5 9. a4 b4 10. Be2 Nc6 11. O-O b3 12. Bd2 Be7 13. a5 Nb4 14. Ne1 Bd7 15. f4
Rb8 16. Bg4 Rb5 17. f5 exf5 18. Bxf5 Bxf5 19. Rxf5 O-O 20. Qg4 Kh8 21. Nf3 Qd7
22. Qh3 g6 23. Bxb4 Rxb4 24. Ng5 Bxg5 25. Rxg5 Qxh3 26. gxh3 Kg7 27. Kf2 h6 28.
Rg3 a6 29. Ke3 Rb7 30. Kd2 Re7 31. Re1 Re6 32. h4 f5 33. exf6+ Rfxf6 34. Rge3
Rxe3 35. Rxe3 Kf7 36. Kc3 Re6 37. Rf3+ Ke7 38. Kb4 Kd6 39. Rf8 Ke7 40. Ra8 Re2
41. Ra7+ Kf6 42. Rxa6+ Kf5 43. Kc3 Rxh2 44. Rd6 Rh3+ 45. Kb4 Ke4 46. a6 c3 47.
Kxb3 Kxd4 48. a7 cxb2+ 49. Kxb2 Rh2+ 50. Kb3 Rh3+ 51. Kb4 Rh1 52. Rxd5+ 1-0

[Event "VI Open Basso Veronese"]
[Site "Casaleone ITA"]
[Date "2013.05.18"]
[Round "3"]
[White "Leone, Cataldo"]
[Black "Beltrame, Luca"]
[WhiteElo "1610"]
[BlackElo "1458"]
[Result "1-0"]
[PlyCount "35"]
[EventDate "2013.05.17"]

1. e4 e5 2. f4 d5 3. exd5 Qxd5 4. Nc3 Qe6 5. Be2 exf4 6. Nf3 Nf6 7. d4 Bb4 8.
O-O Bxc3 9. bxc3 Nd5 10. Bb5+ c6 11. Bxf4 O-O 12. Bc4 Qd7 13. Ne5 Qd8 14. Qh5
Be6 15. Bd2 f6 16. Bd3 g6 17. Nxg6 Bf7 18. Ne7+ 1-0

[Event "VI Open Basso Veronese"]
[Site "Casaleone ITA"]
[Date "2013.05.18"]
[Round "3"]
[White "Lovato, Mauro"]
[Black "Fiscato, Claudio"]
[WhiteElo "1452"]
[BlackElo "1793"]
[Result "0-1"]
[PlyCount "74"]
[EventDate "2013.05.17"]

1. e4 g6 2. d4 Bg7 3. Nf3 d6 4. c3 c6 5. Be3 Nd7 6. Bd3 Ngf6 7. h3 O-O 8. O-O
a6 9. a4 a5 10. Qc1 c5 11. Bh6 b6 12. Bxg7 Kxg7 13. Re1 e5 14. d5 Nh5 15. g3
Ndf6 16. Bf1 Ng8 17. c4 Qf6 18. Nbd2 h6 19. Kh2 Qe7 20. b3 Kh7 21. Bg2 f5 22.
Qc3 Ngf6 23. Re2 Bd7 24. Rae1 Rg8 25. exf5 gxf5 26. Nxe5 Qf8 27. Nxd7 Nxd7 28.
f4 Rxg3 29. Re7+ Rg7 30. Rxg7+ Nxg7 31. Qf3 Re8 32. Re2 Rxe2 33. Qxe2 Qf6 34.
Qe3 Nf8 35. Nf1 Ng6 36. Ng3 Qd4 37. Qe2 Nxf4 0-1

[Event "VI Open Basso Veronese"]
[Site "Casaleone ITA"]
[Date "2013.05.18"]
[Round "3"]
[White "Magnabosco, Mauro Denis"]
[Black "Molinaroli, Giacomo"]
[WhiteElo "1782"]
[BlackElo "1897"]
[Result "1-0"]
[PlyCount "51"]
[EventDate "2013.05.17"]

1. c4 Nf6 2. Nc3 c6 3. Nf3 d5 4. cxd5 cxd5 5. d4 Nbd7 6. e3 g6 7. Bd3 Bg7 8.
O-O O-O 9. Qb3 Nb6 10. Re1 Bg4 11. Ne5 Be6 12. a4 a5 13. Bb5 Rc8 14. Bd2 Nc4
15. Nxc4 dxc4 16. Qd1 Qd6 17. Qe2 Rfd8 18. Rad1 Ng4 19. g3 Nh6 20. d5 Bxd5 21.
Nxd5 Qxd5 22. Bxa5 Qc5 23. Rxd8+ Rxd8 24. Bxd8 Bxb2 25. Qxc4 Qh5 26. Qh4 1-0

[Event "VI Open Basso Veronese"]
[Site "Casaleone ITA"]
[Date "2013.05.18"]
[Round "3"]
[White "Mancin, Michele"]
[Black "Pisani, Valerio"]
[WhiteElo "1762"]
[BlackElo "1721"]
[Result "0-1"]
[PlyCount "64"]
[EventDate "2013.05.17"]

1. e4 e6 2. d4 d5 3. Nc3 Nf6 4. e5 Nfd7 5. f4 c5 6. Nf3 Nc6 7. Be3 Qb6 8. Qd2
cxd4 9. Nxd4 Qxb2 10. Rb1 Qa3 11. Rb3 Qa5 12. Rb5 Qc7 13. Be2 Be7 14. O-O O-O
15. Kh1 a6 16. Rbb1 b5 17. f5 Ndxe5 18. fxe6 Bxe6 19. Bf4 Bd6 20. Bg3 Rac8 21.
Ncxb5 axb5 22. Nxb5 Qe7 23. Nxd6 Qxd6 24. Rb6 f6 25. Ba6 Rb8 26. Rfb1 Rxb6 27.
Rxb6 Rb8 28. Rxb8+ Qxb8 29. h3 Qb1+ 30. Kh2 Qxa2 31. Bb5 Qa5 32. Qe2 Nd4 0-1

[Event "VI Open Basso Veronese"]
[Site "Casaleone ITA"]
[Date "2013.05.18"]
[Round "3"]
[White "Pieropan, Giorgio"]
[Black "Benaddi, Redouane"]
[WhiteElo "1913"]
[BlackElo "1841"]
[Result "0-1"]
[PlyCount "104"]
[EventDate "2013.05.17"]

1. d4 Nf6 2. e3 g6 3. f4 d5 4. Nf3 Bg7 5. Bd3 b6 6. O-O Ne4 7. Nbd2 f5 8. Ne5
O-O 9. Ndf3 c5 10. c4 e6 11. cxd5 exd5 12. b3 Re8 13. Bb2 Nd7 14. Nxd7 Bxd7 15.
Ne5 Bxe5 16. Bxe4 dxe4 17. dxe5 Bb5 18. Qxd8 Raxd8 19. Rfd1 Rd3 20. Rxd3 exd3
21. Bc3 Kf7 22. Kf2 Ke6 23. Rd1 Rd8 24. h3 Bc6 25. Bd2 a6 26. Rc1 Be4 27. g3
Rc8 28. Ke1 Kd5 29. b4 c4 30. Bc3 h6 31. a4 g5 32. Kd2 gxf4 33. exf4 Rg8 34.
Rg1 b5 35. a5 Ke6 36. Ke3 d2 37. Kxd2 Rd8+ 38. Kc1 Rd3 39. Kb2 Rf3 40. Rd1 Bd3
41. Be1 Re3 42. Rc1 Re2+ 43. Kc3 Kd5 44. g4 fxg4 45. hxg4 Rg2 46. Bd2 Rxg4 47.
Rh1 Rg6 48. Rh5 Be2 49. Rh3 Bg4 50. Re3 h5 51. Be1 Bf5 52. Bh4 Rg2 0-1